The Arab world /
שמור ב:
| מחבר ראשי: | |
|---|---|
| פורמט: | ספר |
| שפה: | אנגלית |
| יצא לאור: |
New York :
Time Inc.,
1962.
|
| נושאים: | |
| תגים: |
אין תגיות, היה/י הראשונ/ה לתייג את הרשומה!
|
MARC
| LEADER | 00000nam a22000007a 4500 | ||
|---|---|---|---|
| 003 | KE-NaDUL | ||
| 005 | 20230414195928.0 | ||
| 008 | 230414b |||||||| |||| 00| 0 eng d | ||
| 040 | |a DUL |c DUL |d Dwaswala | ||
| 050 | 0 | 0 | |a DS44.S74 1962 |
| 100 | 1 | |a Stewart, Desmond, |9 124835 | |
| 245 | 1 | 4 | |a The Arab world / |c by Desmond Stewart and the editors of life |
| 260 | |a New York : |b Time Inc., |c 1962. | ||
| 300 | |a 160 p. |b ill. | ||
| 651 | 0 | |a Arab countries. |9 124836 | |
| 942 | |2 lcc |c REF |h DS44 |i .S74 |m 1962 |6 DS0044 S74 | ||
| 952 | |0 0 |1 0 |2 lcc |4 0 |6 DS0044 S74 01962 |7 1 |8 REF |9 135735 |a CUI |b CUI |c CUI |d 2023-04-14 |l 0 |o DS44.S74 1962 |p CUI04721 |r 2023-04-14 00:00:00 |w 2023-04-14 |x 04721 |y REF | ||
| 999 | |c 220141 |d 220140 | ||